Gyermekkori gyulladásos tüdőbetegségek területen szerzett pneumonia /

Elmentve itt :
Bibliográfiai részletek
Szerző: Novák Zoltán
Dokumentumtípus: Cikk
Megjelent: 2005
Sorozat:GYERMEKGYÓGYÁSZATI TOVÁBBKÉPZŐ SZEMLE 10 No. 1
Tárgyszavak:
mtmt:1970701
Online Access:http://publicatio.bibl.u-szeged.hu/30829
LEADER 00690nab a2200205 i 4500
001 publ30829
005 20241025112524.0
008 241025s2005 hu o 000 hun d
022 |a 1585-4396 
024 7 |a 1970701  |2 mtmt 
040 |a SZTE Publicatio Repozitórium  |b hun 
041 |a hun 
100 1 |a Novák Zoltán 
245 1 0 |a Gyermekkori gyulladásos tüdőbetegségek  |h [elektronikus dokumentum] :  |b területen szerzett pneumonia /  |c  Novák Zoltán 
260 |c 2005 
300 |a 5 
300 |a 5-10 
490 0 |a GYERMEKGYÓGYÁSZATI TOVÁBBKÉPZŐ SZEMLE  |v 10 No. 1 
650 4 |a Klinikai orvostan 
856 4 0 |u http://publicatio.bibl.u-szeged.hu/30829/1/aok_klny_540_05.pdf  |z Dokumentum-elérés